00000000nam##2200000za#4500
0019.603076
003CaOODSP
00520210624210905
007cr |||||||||||
008150406|2001||||xxc|||||o    f|0| 0 fre|d
040 |aCaOODSP|bfre
043 |an-cn---
0861 |aM92-215/2001F-PDF
1101 |aCanada. |bRessources naturelles Canada.
24510|aValley Truss & Metal Ltd., transformation des déchets de bois en combustible de chauffage économique |h[ressource électronique]
260 |aOttawa - Ontario : |bRessources naturelles Canada |c2001.
300 |a6p.|bill. en couleur, glossaire, photographies
4901 |aÉtude de cas. Systèmes de chauffage à la biomasse |vPrintemps 2001
500 |aLe n° de catalogue (M92-215/2001F) et l'ISBN (0-662-85739-9) de l'édition imprimée ont été incorrectement copiés dans l'édition électronique.
590 |a12-02-Supp|b2012-01-20
77508|tValley Truss & Metal Ltd., converting on-site wood waste into economic space heating |w(CaOODSP)9.572810
7760#|tValley Truss & Metal Ltd.: transformation des déchets de bois en combustible de chauffage économique : |w(CaOODSP)9.625626
830#0|aÉtude de cas. Systèmes de chauffage à la biomasse ;|vPrintemps 2001|w(CaOODSP)9.501325
85640|ahttp://publications.gc.ca|qPDF|s567 Ko|uhttps://publications.gc.ca/collections/Collection/M92-215-2001F.pdf|yPrintemps 2001